[Event "Deutsche Ländermeisterschaft 2024"]
[Site "Tübingen GER"]
[Date "2024.10.05"]
[Round "6"]
[White "Margaryan, Mane"]
[Black "Didas, Emma"]
[Result "1-0"]
[Termination "normal"]
[Board "4.8"]
[WhiteElo "1493"]
[BlackElo "1078"]
[WhiteClock "00:02:12"]
[BlackClock "01:02:28"]
[WhiteTeam "Schleswig-Holstein"]
[BlackTeam "Saarland & Friends"]
[PlyCount "63"]
[WhiteFideId "16268237"]
[BlackFideId "34681612"]
[EventCountry "GER"]
[EventRounds "7"]
[EventType "team-swiss"]
[EventDate "2024.10.02"]

1. d4 {[%clk 01:30:59]} d6 {[%clk 01:30:56]} {[%emt 00:00:04]} 2. c4 {[%clk
01:31:24]} {[%emt 00:00:06]} Nf6 {[%clk 01:31:14]} {[%emt 00:00:11]} 3. Nc3
{[%clk 01:31:49]} {[%emt 00:00:06]} g6 {[%clk 01:31:39]} {[%emt 00:00:05]} 4.
e4 {[%clk 01:32:14]} {[%emt 00:00:05]} Bg7 {[%clk 01:32:00]} {[%emt 00:00:09]}
5. h3 {[%clk 01:32:40]} {[%emt 00:00:05]} Nc6 {[%clk 01:32:09]} {[%emt
00:00:22]} 6. Be3 {[%clk 01:32:19]} {[%emt 00:00:51]} Bd7 {[%clk 01:32:08]}
{[%emt 00:00:31]} 7. Nf3 {[%clk 01:31:02]} {[%emt 00:01:46]} O-O {[%clk
01:32:23]} {[%emt 00:00:15]} 8. Bd3 {[%clk 01:29:48]} {[%emt 00:01:44]} e5
{[%clk 01:32:17]} {[%emt 00:00:36]} 9. d5 {[%clk 01:29:51]} {[%emt 00:00:28]}
Ne7 {[%clk 01:32:29]} {[%emt 00:00:18]} 10. O-O {[%clk 01:26:07]} {[%emt
00:04:14]} Nh5 {[%clk 01:31:02]} {[%emt 00:01:56]} 11. Qc2 {[%clk 01:15:20]}
{[%emt 00:11:17]} f5 {[%clk 01:28:56]} {[%emt 00:02:36]} 12. exf5 {[%clk
01:09:05]} {[%emt 00:06:45]} Nxf5 {[%clk 01:28:10]} {[%emt 00:01:16]} 13. Ne4
{[%clk 00:56:04]} {[%emt 00:13:31]} Nxe3 {[%clk 01:26:06]} {[%emt 00:02:33]}
14. fxe3 {[%clk 00:56:27]} {[%emt 00:00:07]} Bh6 {[%clk 01:25:05]} {[%emt
00:01:30]} 15. Rae1 {[%clk 00:50:37]} {[%emt 00:06:21]} Bf5 {[%clk 01:21:02]}
{[%emt 00:04:31]} 16. Kh2 {[%emt 00:13:49]} c6 {[%clk 01:18:16]} {[%emt
00:03:14]} 17. Nf2 {[%clk 00:26:06]} {[%emt 00:11:45]} Bxd3 {[%clk 01:16:18]}
{[%emt 00:02:27]} 18. Qxd3 {[%clk 00:25:57]} {[%emt 00:00:40]} cxd5 {[%clk
01:14:44]} {[%emt 00:02:03]} 19. Qxd5+ {[%clk 00:24:32]} {[%emt 00:01:55]} Rf7
{[%clk 01:14:47]} {[%emt 00:00:27]} 20. Ne4 {[%clk 00:23:50]} {[%emt 00:01:13]}
Kg7 {[%clk 01:12:45]} {[%emt 00:02:30]} 21. Nxd6 {[%clk 00:21:39]} {[%emt
00:02:43]} Rd7 {[%clk 01:11:16]} {[%emt 00:01:58]} 22. Qxe5+ {[%clk 00:20:36]}
{[%emt 00:01:33]} Kg8 {[%clk 01:08:41]} {[%emt 00:03:03]} 23. Ne4 {[%clk
00:14:00]} {[%emt 00:07:09]} Bg7 {[%clk 01:06:54]} {[%emt 00:02:17]} 24. Qe6+
{[%clk 00:12:45]} {[%emt 00:01:45]} Kh8 {[%clk 01:07:08]} {[%emt 00:00:15]} 25.
Nfg5 {[%clk 00:06:02]} {[%emt 00:07:14]} Qc7+ {[%clk 01:06:29]} {[%emt
00:01:08]} 26. Kg1 {[%clk 00:05:19]} {[%emt 00:01:13]} Rf8 {[%clk 01:05:20]}
{[%emt 00:01:37]} 27. Rxf8+ {[%clk 00:02:45]} {[%emt 00:03:07]} Bxf8 {[%clk
01:05:39]} {[%emt 00:00:10]} 28. Qe8 {[%clk 00:01:59]} {[%emt 00:01:17]} Rd8
{[%clk 01:03:07]} {[%emt 00:03:02]} 29. Nf7+ {[%clk 00:01:53]} {[%emt
00:00:36]} Kg7 {[%emt 00:00:26]} 30. Nxd8 {[%clk 00:01:53]} {[%emt 00:00:26]}
Qxc4 {[%clk 01:02:27]} {[%emt 00:01:16]} 31. Ne6+ {[%clk 00:01:52]} {[%emt
00:00:32]} Kg8 {[%clk 01:02:28]} {[%emt 00:00:28]} 32. Qxf8# {[%clk 00:02:12]}
{[%emt 00:00:10]} 1-0

[Event "Deutsche Ländermeisterschaft 2024"]
[Site "Tübingen GER"]
[Date "2024.10.05"]
[Round "6"]
[White "Foksha, Mischa"]
[Black "Liebold, Aaron"]
[Result "0-1"]
[Termination "normal"]
[Board "5.1"]
[WhiteElo "2078"]
[BlackElo "2058"]
[WhiteClock "00:13:16"]
[BlackClock "00:06:24"]
[WhiteTeam "Württemberg"]
[BlackTeam "Thüringen"]
[PlyCount "70"]
[WhiteFideId "16253400"]
[BlackFideId "12997846"]
[EventCountry "GER"]
[EventRounds "7"]
[EventType "team-swiss"]
[EventDate "2024.10.02"]

1. e4 {[%clk 01:30:58]} {[%emt 00:00:04]} c5 {[%clk 01:30:56]} {[%emt
00:00:02]} 2. Nf3 {[%clk 01:31:23]} {[%emt 00:00:05]} d6 {[%clk 01:31:23]}
{[%emt 00:00:03]} 3. d4 {[%clk 01:31:49]} {[%emt 00:00:04]} cxd4 {[%clk
01:31:49]} {[%emt 00:00:04]} 4. Nxd4 {[%clk 01:32:14]} {[%emt 00:00:05]} Nf6
{[%clk 01:32:14]} {[%emt 00:00:05]} 5. Nc3 {[%clk 01:32:39]} {[%emt 00:00:05]}
a6 {[%clk 01:32:41]} 6. Be3 {[%clk 01:33:04]} {[%emt 00:00:08]} e5 {[%clk
01:33:07]} 7. Nb3 {[%clk 01:33:30]} {[%emt 00:00:08]} Be7 {[%clk 01:33:27]} 8.
h3 {[%clk 01:33:49]} {[%emt 00:00:22]} h5 {[%clk 01:33:14]} 9. f4 {[%clk
01:34:00]} {[%emt 00:01:01]} Nbd7 {[%clk 01:31:01]} 10. Qd2 {[%clk 01:31:48]}
{[%emt 00:05:25]} Qc7 {[%emt 00:08:44]} 11. Be2 b5 {[%clk 01:24:28]} {[%emt
00:01:33]} 12. a4 {[%clk 01:21:45]} {[%emt 00:08:18]} b4 {[%clk 01:23:41]}
{[%emt 00:01:16]} 13. Nd5 {[%clk 01:22:09]} {[%emt 00:00:07]} Nxd5 {[%clk
01:23:59]} {[%emt 00:00:13]} 14. exd5 {[%clk 01:22:26]} {[%emt 00:00:12]} Bh4+
{[%clk 01:21:53]} {[%emt 00:02:36]} 15. Kd1 {[%clk 01:21:01]} {[%emt 00:01:55]}
O-O {[%clk 00:54:46]} {[%emt 00:27:37]} 16. Qxb4 {[%clk 01:16:52]} {[%emt
00:04:39]} Nf6 {[%clk 00:54:29]} 17. Qc4 {[%clk 01:04:37]} {[%emt 00:13:33]}
Qxc4 {[%clk 00:53:25]} 18. Bxc4 {[%clk 01:05:01]} {[%emt 00:01:40]} Bb7 {[%clk
00:53:51]} 19. Rg1 {[%clk 00:51:52]} {[%emt 00:13:43]} Nxd5 {[%clk 00:46:57]}
20. Bxd5 {[%clk 00:52:09]} {[%emt 00:07:38]} Bxd5 {[%clk 00:41:53]} {[%emt
00:02:04]} 21. Nd2 Bg3 {[%emt 00:09:17]} 22. f5 {[%clk 00:44:56]} {[%emt
00:02:55]} Rac8 {[%emt 00:08:44]} 23. Ra3 Bc6 {[%clk 00:34:21]} {[%emt
00:02:02]} 24. Bg5 {[%clk 00:37:38]} {[%emt 00:06:05]} Bf2 {[%emt 00:02:04]}
25. Rf1 {[%clk 00:37:43]} {[%emt 00:00:08]} Bc5 {[%clk 00:33:26]} {[%emt
00:00:08]} 26. Rg3 {[%clk 00:37:57]} {[%emt 00:00:16]} f6 {[%clk 00:33:29]}
{[%emt 00:00:26]} 27. Bh6 {[%clk 00:36:16]} {[%emt 00:02:11]} Rf7 {[%clk
00:32:58]} {[%emt 00:01:01]} 28. Nb3 {[%clk 00:35:00]} {[%emt 00:01:47]} Ba7
{[%clk 00:26:01]} 29. a5 {[%clk 00:34:06]} {[%emt 00:08:52]} Rb7 {[%clk
00:25:21]} 30. Bd2 {[%emt 00:08:07]} d5 {[%clk 00:21:20]} {[%emt 00:03:16]} 31.
Kc1 {[%clk 00:20:43]} {[%emt 00:08:41]} d4 {[%clk 00:19:04]} {[%emt 00:02:45]}
32. Na1 {[%clk 00:17:48]} {[%emt 00:03:25]} Bd5 {[%clk 00:09:05]} {[%emt
00:10:28]} 33. b3 {[%clk 00:14:28]} {[%emt 00:03:51]} e4 {[%clk 00:07:18]}
{[%emt 00:02:17]} 34. c4 {[%clk 00:13:05]} {[%emt 00:01:53]} e3 {[%clk
00:06:24]} {[%emt 00:01:24]} 35. Be1 {[%clk 00:13:16]} {[%emt 00:00:19]} Bxc4
{[%emt 00:02:02]} 0-1

[Event "Deutsche Ländermeisterschaft 2024"]
[Site "Tübingen GER"]
[Date "2024.10.05"]
[Round "6"]
[White "Abou Wally, Adrian"]
[Black "Karle, Sam"]
[Result "1/2-1/2"]
[Termination "normal"]
[Board "5.2"]
[WhiteElo "1991"]
[BlackElo "2124"]
[WhiteClock "00:48:22"]
[BlackClock "01:08:15"]
[WhiteTeam "Thüringen"]
[BlackTeam "Württemberg"]
[PlyCount "49"]
[WhiteFideId "16245113"]
[BlackFideId "16290089"]
[EventCountry "GER"]
[EventRounds "7"]
[EventType "team-swiss"]
[EventDate "2024.10.02"]

1. e4 {[%clk 01:30:59]} e5 {[%clk 01:30:50]} {[%emt 00:00:10]} 2. Nf3 {[%clk
01:31:25]} {[%emt 00:00:04]} Nc6 {[%clk 01:31:10]} {[%emt 00:00:10]} 3. Bc4
{[%clk 01:31:50]} {[%emt 00:00:07]} Bc5 {[%clk 01:31:32]} {[%emt 00:00:06]} 4.
c3 {[%clk 01:32:16]} {[%emt 00:00:05]} Nf6 {[%clk 01:31:48]} {[%emt 00:00:13]}
5. d4 {[%clk 01:32:26]} {[%emt 00:00:20]} exd4 {[%clk 01:31:59]} {[%emt
00:00:19]} 6. O-O {[%clk 01:32:39]} {[%emt 00:00:17]} Nxe4 {[%clk 01:31:35]}
{[%emt 00:00:54]} 7. cxd4 {[%clk 01:33:02]} {[%emt 00:00:07]} d5 {[%clk
01:31:22]} {[%emt 00:00:43]} 8. dxc5 {[%clk 01:33:27]} {[%emt 00:00:06]} dxc4
{[%clk 01:31:46]} {[%emt 00:00:05]} 9. Qe2 {[%clk 01:33:48]} {[%emt 00:00:09]}
Qd3 {[%clk 01:32:00]} {[%emt 00:00:16]} 10. Re1 {[%clk 01:34:14]} {[%emt
00:00:05]} f5 {[%clk 01:32:15]} {[%emt 00:00:15]} 11. Nc3 {[%clk 01:34:38]}
{[%emt 00:00:05]} O-O {[%clk 01:32:34]} {[%emt 00:00:10]} 12. Nxe4 {[%clk
01:35:04]} {[%emt 00:00:05]} fxe4 {[%clk 01:32:51]} {[%emt 00:00:12]} 13. Qxe4
{[%clk 01:35:29]} {[%emt 00:00:05]} Bf5 {[%clk 01:33:06]} {[%emt 00:00:14]} 14.
Qh4 {[%clk 01:35:52]} {[%emt 00:00:08]} Rae8 {[%clk 01:33:22]} {[%emt
00:00:14]} 15. Bf4 {[%clk 01:36:14]} {[%emt 00:00:08]} Re4 {[%clk 01:33:24]}
{[%emt 00:00:27]} 16. Qg3 {[%clk 01:36:24]} {[%emt 00:00:21]} Rfe8 {[%clk
01:25:39]} {[%emt 00:08:16]} 17. h3 {[%clk 01:33:58]} {[%emt 00:02:56]} Rxe1+
{[%clk 01:17:53]} {[%emt 00:08:15]} 18. Rxe1 {[%clk 01:33:07]} {[%emt
00:01:21]} Rxe1+ {[%clk 01:18:15]} {[%emt 00:00:08]} 19. Nxe1 {[%clk 01:33:34]}
{[%emt 00:00:04]} Qe2 {[%clk 01:16:07]} {[%emt 00:02:38]} 20. Qe3 {[%clk
01:16:42]} {[%emt 00:17:22]} Qxe3 {[%clk 01:15:47]} {[%emt 00:00:49]} 21. fxe3
{[%clk 00:57:16]} {[%emt 00:19:57]} Nb4 {[%clk 01:15:12]} {[%emt 00:01:04]} 22.
a3 {[%clk 00:55:06]} {[%emt 00:02:41]} Nd3 {[%clk 01:09:02]} {[%emt 00:06:39]}
23. Nxd3 {[%clk 00:55:05]} {[%emt 00:00:32]} cxd3 {[%clk 01:09:29]} {[%emt
00:00:02]} 24. Kf2 {[%clk 00:55:14]} {[%emt 00:00:21]} c6 {[%clk 01:08:15]}
{[%emt 00:01:44]} 25. Ke1 {[%clk 00:48:22]} {[%emt 00:07:23]} 1/2-1/2

[Event "Deutsche Ländermeisterschaft 2024"]
[Site "Tübingen GER"]
[Date "2024.10.05"]
[Round "6"]
[White "Nunez Grégoire, Daniel"]
[Black "Reuter, Elisa"]
[Result "1/2-1/2"]
[Termination "normal"]
[Board "5.3"]
[BlackTitle "WCM"]
[WhiteElo "2172"]
[BlackElo "2004"]
[WhiteClock "00:31:27"]
[BlackClock "00:30:28"]
[WhiteTeam "Württemberg"]
[BlackTeam "Thüringen"]
[PlyCount "94"]
[WhiteFideId "34627103"]
[BlackFideId "12995444"]
[EventCountry "GER"]
[EventRounds "7"]
[EventType "team-swiss"]
[EventDate "2024.10.02"]

1. d4 {[%clk 01:30:59]} Nf6 {[%clk 01:30:55]} {[%emt 00:00:05]} 2. c4 {[%clk
01:31:25]} {[%emt 00:00:04]} g6 {[%clk 01:31:21]} {[%emt 00:00:04]} 3. Nc3
{[%clk 01:31:51]} {[%emt 00:00:03]} d5 {[%clk 01:31:48]} {[%emt 00:00:03]} 4.
e3 {[%clk 01:32:17]} {[%emt 00:00:04]} Bg7 {[%clk 01:32:13]} {[%emt 00:00:06]}
5. Nf3 {[%clk 01:32:40]} {[%emt 00:00:06]} O-O {[%clk 01:32:23]} {[%emt
00:00:20]} 6. Bd2 {[%clk 01:33:04]} {[%emt 00:00:07]} b6 {[%clk 01:18:02]}
{[%emt 00:14:50]} 7. cxd5 {[%clk 01:30:49]} {[%emt 00:02:45]} Nxd5 {[%clk
01:18:00]} {[%emt 00:00:32]} 8. Bc4 {[%clk 01:31:10]} {[%emt 00:00:09]} Nxc3
{[%clk 01:17:59]} {[%emt 00:00:31]} 9. bxc3 {[%clk 01:31:28]} {[%emt 00:00:12]}
Bb7 {[%clk 01:18:05]} {[%emt 00:00:24]} 10. O-O {[%clk 01:30:53]} {[%emt
00:01:05]} Nd7 {[%clk 01:18:05]} {[%emt 00:00:30]} 11. Qe2 {[%clk 01:30:02]}
{[%emt 00:01:21]} c5 {[%clk 01:16:05]} {[%emt 00:02:30]} 12. Ba6 {[%clk
01:28:59]} {[%emt 00:01:33]} Bxa6 {[%clk 01:15:15]} {[%emt 00:01:21]} 13. Qxa6
{[%clk 01:29:27]} {[%emt 00:00:02]} Qc7 {[%clk 01:15:12]} {[%emt 00:00:32]} 14.
a4 {[%clk 01:12:39]} {[%emt 00:17:19]} Qc8 {[%clk 01:12:00]} {[%emt 00:03:42]}
15. Qe2 {[%clk 01:08:51]} {[%emt 00:04:18]} a6 {[%clk 01:09:44]} {[%emt
00:02:45]} 16. Ra2 {[%clk 01:07:13]} {[%emt 00:02:07]} Qc6 {[%clk 01:08:56]}
{[%emt 00:01:19]} 17. e4 {[%clk 01:04:52]} {[%emt 00:02:52]} cxd4 {[%clk
01:01:32]} {[%emt 00:07:54]} 18. cxd4 {[%clk 01:02:50]} {[%emt 00:02:32]} Rfc8
{[%clk 01:00:12]} {[%emt 00:01:49]} 19. Raa1 {[%clk 00:58:26]} {[%emt
00:04:54]} b5 {[%clk 00:41:54]} {[%emt 00:18:48]} 20. axb5 {[%clk 00:52:43]}
{[%emt 00:06:14]} axb5 {[%clk 00:41:29]} {[%emt 00:00:54]} 21. h3 {[%clk
00:47:05]} {[%emt 00:06:08]} Ra4 {[%clk 00:32:48]} {[%emt 00:09:11]} 22. Rxa4
{[%clk 00:32:12]} {[%emt 00:15:24]} bxa4 {[%clk 00:33:12]} {[%emt 00:00:05]}
23. Rc1 {[%clk 00:28:58]} {[%emt 00:03:44]} Qb7 {[%clk 00:23:06]} {[%emt
00:10:35]} 24. Rxc8+ {[%clk 00:25:18]} {[%emt 00:04:11]} Qxc8 {[%clk 00:23:32]}
{[%emt 00:00:05]} 25. Qb5 {[%clk 00:22:25]} {[%emt 00:03:23]} a3 {[%clk
00:22:00]} {[%emt 00:02:02]} 26. Qa4 {[%clk 00:21:15]} {[%emt 00:01:40]} e5
{[%clk 00:20:41]} {[%emt 00:01:48]} 27. dxe5 {[%clk 00:19:17]} {[%emt
00:02:28]} Nxe5 {[%clk 00:09:17]} {[%emt 00:11:54]} 28. Nxe5 {[%clk 00:18:34]}
{[%emt 00:01:13]} Bxe5 {[%clk 00:09:39]} {[%emt 00:00:07]} 29. Qxa3 {[%clk
00:18:16]} {[%emt 00:00:48]} Qc2 {[%clk 00:09:21]} {[%emt 00:00:47]} 30. Qe3
{[%clk 00:15:39]} {[%emt 00:03:08]} Qb1+ {[%clk 00:08:45]} {[%emt 00:01:06]}
31. Qe1 {[%clk 00:14:57]} {[%emt 00:01:12]} Qxe1+ {[%clk 00:09:11]} {[%emt
00:00:04]} 32. Bxe1 {[%clk 00:15:25]} h5 {[%clk 00:06:10]} {[%emt 00:03:31]}
33. Kf1 {[%clk 00:15:40]} {[%emt 00:00:16]} f6 {[%clk 00:06:11]} {[%emt
00:00:29]} 34. Ke2 {[%clk 00:16:04]} {[%emt 00:00:06]} Kf7 {[%clk 00:06:38]}
{[%emt 00:00:03]} 35. Kd3 {[%clk 00:13:46]} {[%emt 00:02:48]} Ke6 {[%clk
00:07:00]} {[%emt 00:00:08]} 36. Bc3 {[%clk 00:13:14]} {[%emt 00:01:02]} Bc7
{[%clk 00:06:55]} {[%emt 00:00:34]} 37. Kc4 {[%clk 00:11:36]} {[%emt 00:02:09]}
Bb6 {[%clk 00:06:29]} {[%emt 00:00:56]} 38. Bd4 {[%clk 00:11:11]} {[%emt
00:00:55]} Bc7 {[%clk 00:06:38]} {[%emt 00:00:20]} 39. Kc5 {[%clk 00:11:03]}
{[%emt 00:00:39]} f5 {[%clk 00:04:26]} {[%emt 00:02:42]} 40. f3 {[%clk
00:10:23]} {[%emt 00:01:10]} g5 {[%clk 00:03:02]} {[%emt 00:01:54]} 41. g4
{[%clk 00:06:36]} {[%emt 00:04:17]} hxg4 {[%clk 00:02:24]} {[%emt 00:01:08]}
42. hxg4 {[%clk 00:06:28]} {[%emt 00:00:38]} fxg4 {[%clk 00:02:30]} {[%emt
00:00:24]} 43. fxg4 {[%clk 00:06:57]} {[%emt 00:00:02]} Bd6+ {[%clk 00:02:50]}
{[%emt 00:00:09]} 44. Kc4 {[%clk 00:07:02]} {[%emt 00:00:25]} Bc7 {[%clk
00:01:26]} {[%emt 00:01:54]} 45. Kc5 {[%clk 00:02:10]} {[%emt 00:05:22]} Bd6+
{[%clk 00:01:41]} {[%emt 00:00:15]} 46. Kc6 {[%clk 00:01:55]} {[%emt 00:00:45]}
Be5 {[%clk 00:30:28]} {[%emt 00:01:42]} 47. Kc5 {[%clk 00:31:27]} {[%emt
00:00:58]} Bd6+ 1/2-1/2

[Event "Deutsche Ländermeisterschaft 2024"]
[Site "Tübingen GER"]
[Date "2024.10.05"]
[Round "6"]
[White "Aniol, Nico"]
[Black "Albrecht, Neil"]
[Result "1/2-1/2"]
[Termination "normal"]
[Board "5.4"]
[WhiteElo "1864"]
[BlackElo "2067"]
[WhiteClock "00:15:06"]
[BlackClock "00:42:12"]
[WhiteTeam "Thüringen"]
[BlackTeam "Württemberg"]
[PlyCount "69"]
[WhiteFideId "16287096"]
[BlackFideId "34621091"]
[EventCountry "GER"]
[EventRounds "7"]
[EventType "team-swiss"]
[EventDate "2024.10.02"]

1. e4 {[%clk 01:30:57]} {[%emt 00:00:04]} c5 {[%clk 01:30:55]} {[%emt
00:00:04]} 2. Nf3 {[%clk 01:31:10]} {[%emt 00:00:17]} a6 {[%clk 01:31:15]}
{[%emt 00:00:11]} 3. c3 {[%clk 01:27:18]} {[%emt 00:04:22]} d5 {[%clk
01:31:16]} {[%emt 00:00:29]} 4. exd5 {[%clk 01:27:23]} {[%emt 00:00:25]} Qxd5
{[%clk 01:31:38]} {[%emt 00:00:07]} 5. d4 {[%clk 01:27:39]} {[%emt 00:00:14]}
e6 {[%clk 01:31:57]} {[%emt 00:00:11]} 6. Be3 {[%clk 01:27:02]} {[%emt
00:01:07]} Nd7 {[%clk 01:32:19]} {[%emt 00:00:08]} 7. Be2 {[%clk 01:23:45]}
{[%emt 00:03:47]} Ngf6 {[%clk 01:32:26]} {[%emt 00:00:23]} 8. O-O {[%clk
01:23:44]} {[%emt 00:00:31]} Qc6 {[%clk 01:32:40]} {[%emt 00:00:16]} 9. Nbd2
{[%clk 01:21:26]} {[%emt 00:02:47]} b6 {[%clk 01:30:28]} {[%emt 00:02:43]} 10.
dxc5 {[%clk 01:15:57]} {[%emt 00:05:59]} Bxc5 {[%clk 01:29:54]} {[%emt
00:01:04]} 11. Bxc5 {[%clk 01:16:24]} {[%emt 00:00:04]} Qxc5 {[%clk 01:29:46]}
{[%emt 00:00:38]} 12. Nb3 {[%clk 01:16:17]} {[%emt 00:00:36]} Qc7 {[%clk
01:28:16]} {[%emt 00:02:00]} 13. Nfd4 {[%clk 01:07:03]} {[%emt 00:09:44]} O-O
{[%clk 01:26:50]} {[%emt 00:01:56]} 14. Bf3 {[%clk 01:06:37]} {[%emt 00:00:56]}
Bb7 {[%clk 01:27:10]} {[%emt 00:00:10]} 15. Bxb7 {[%clk 01:07:02]} {[%emt
00:00:05]} Qxb7 {[%clk 01:27:37]} {[%emt 00:00:04]} 16. Qe2 {[%clk 01:02:40]}
{[%emt 00:04:52]} Nd5 {[%clk 01:23:38]} {[%emt 00:04:28]} 17. Rad1 {[%clk
00:56:35]} {[%emt 00:06:35]} Rfe8 {[%clk 01:19:56]} {[%emt 00:04:12]} 18. Rfe1
{[%clk 00:54:38]} {[%emt 00:02:27]} b5 {[%clk 01:16:27]} {[%emt 00:03:59]} 19.
Nd2 {[%clk 00:39:41]} {[%emt 00:15:27]} Nc5 {[%clk 01:11:30]} {[%emt 00:05:26]}
20. Ne4 {[%clk 00:39:13]} {[%emt 00:00:59]} Qb6 {[%clk 01:10:13]} {[%emt
00:01:46]} 21. Nxc5 {[%clk 00:35:02]} {[%emt 00:04:42]} Qxc5 {[%clk 01:10:40]}
{[%emt 00:00:04]} 22. Nb3 {[%clk 00:34:06]} {[%emt 00:01:26]} Qc6 {[%clk
01:09:13]} {[%emt 00:01:57]} 23. Nd4 {[%clk 00:30:53]} {[%emt 00:03:43]} Qc7
{[%clk 01:07:31]} {[%emt 00:02:11]} 24. Nc2 {[%clk 00:27:22]} {[%emt 00:04:01]}
Red8 {[%clk 01:05:52]} {[%emt 00:02:10]} 25. g3 {[%clk 00:25:04]} {[%emt
00:02:48]} h6 {[%clk 01:04:05]} {[%emt 00:02:17]} 26. Ne3 {[%clk 00:24:43]}
{[%emt 00:00:51]} Nxe3 {[%clk 01:03:25]} {[%emt 00:01:10]} 27. fxe3 {[%clk
00:24:11]} {[%emt 00:01:02]} e5 {[%clk 00:57:44]} {[%emt 00:06:11]} 28. e4
{[%clk 00:23:24]} {[%emt 00:01:17]} Qc5+ {[%clk 00:56:21]} {[%emt 00:01:53]}
29. Kg2 {[%clk 00:22:08]} {[%emt 00:01:46]} b4 {[%clk 00:54:03]} {[%emt
00:02:49]} 30. cxb4 {[%clk 00:18:05]} {[%emt 00:04:33]} Qxb4 {[%clk 00:54:18]}
{[%emt 00:00:14]} 31. Rd5 {[%clk 00:16:05]} {[%emt 00:02:30]} Rab8 {[%clk
00:46:57]} {[%emt 00:07:51]} 32. b3 {[%clk 00:16:02]} {[%emt 00:00:33]} Rd6
{[%clk 00:43:10]} {[%emt 00:04:16]} 33. Red1 {[%clk 00:14:48]} {[%emt
00:01:44]} Rbd8 {[%clk 00:41:49]} {[%emt 00:01:52]} 34. Rxd6 {[%clk 00:14:39]}
{[%emt 00:00:39]} Rxd6 {[%clk 00:42:12]} {[%emt 00:00:07]} 35. Rxd6 {[%clk
00:15:06]} {[%emt 00:00:02]} 1/2-1/2

[Event "Deutsche Ländermeisterschaft 2024"]
[Site "Tübingen GER"]
[Date "2024.10.05"]
[Round "6"]
[White "Li, Yunqi"]
[Black "Göpfert, Gregor"]
[Result "1/2-1/2"]
[Termination "normal"]
[Board "5.5"]
[WhiteElo "2062"]
[BlackElo "1759"]
[WhiteClock "01:01:23"]
[BlackClock "00:38:38"]
[WhiteTeam "Württemberg"]
[BlackTeam "Thüringen"]
[PlyCount "43"]
[WhiteFideId "34610618"]
[BlackFideId "34603964"]
[EventCountry "GER"]
[EventRounds "7"]
[EventType "team-swiss"]
[EventDate "2024.10.02"]

1. d4 {[%clk 01:30:56]} {[%emt 00:00:03]} d5 {[%clk 01:30:50]} {[%emt
00:00:10]} 2. c4 {[%clk 01:31:20]} {[%emt 00:00:06]} c6 {[%clk 01:31:17]}
{[%emt 00:00:04]} 3. Nf3 {[%clk 01:31:18]} {[%emt 00:00:32]} Nf6 {[%clk
01:31:38]} {[%emt 00:00:09]} 4. e3 {[%clk 01:31:42]} {[%emt 00:00:06]} Bf5
{[%clk 01:31:48]} {[%emt 00:00:20]} 5. Nc3 {[%clk 01:31:31]} {[%emt 00:00:41]}
e6 {[%clk 01:32:11]} {[%emt 00:00:06]} 6. Qb3 {[%clk 01:30:00]} {[%emt
00:02:01]} Qb6 {[%clk 01:32:24]} {[%emt 00:00:18]} 7. c5 {[%clk 01:30:11]}
{[%emt 00:00:18]} Qxb3 {[%clk 01:29:56]} {[%emt 00:02:58]} 8. axb3 {[%clk
01:30:30]} {[%emt 00:00:12]} Be7 {[%clk 01:25:19]} {[%emt 00:05:07]} 9. Be2
{[%clk 01:30:30]} {[%emt 00:00:30]} O-O {[%clk 01:24:19]} {[%emt 00:01:30]} 10.
b4 {[%clk 01:29:14]} {[%emt 00:01:46]} Nbd7 {[%clk 01:16:26]} {[%emt 00:08:22]}
11. O-O {[%clk 01:26:45]} {[%emt 00:02:59]} Ne4 {[%clk 01:12:11]} {[%emt
00:04:46]} 12. Bd2 {[%clk 01:25:26]} {[%emt 00:01:49]} a6 {[%clk 01:10:40]}
{[%emt 00:02:01]} 13. Nxe4 {[%clk 01:20:36]} {[%emt 00:05:19]} Bxe4 {[%clk
01:08:05]} {[%emt 00:03:05]} 14. Be1 {[%clk 01:19:34]} {[%emt 00:01:31]} Bf6
{[%clk 01:02:43]} {[%emt 00:05:53]} 15. Nd2 {[%clk 01:19:01]} {[%emt 00:01:02]}
Rfe8 {[%clk 00:57:13]} {[%emt 00:06:00]} 16. f4 {[%clk 01:15:52]} {[%emt
00:03:39]} h6 {[%clk 00:52:57]} {[%emt 00:04:46]} 17. Bg3 {[%clk 01:11:46]}
{[%emt 00:04:36]} Rac8 {[%clk 00:48:39]} {[%emt 00:04:49]} 18. Bf3 {[%clk
01:10:19]} {[%emt 00:01:57]} Bxf3 {[%clk 00:44:37]} {[%emt 00:04:32]} 19. Rxf3
{[%clk 01:10:17]} {[%emt 00:00:32]} g6 {[%clk 00:39:29]} {[%emt 00:05:38]} 20.
h3 {[%clk 01:09:21]} {[%emt 00:01:26]} Bg7 {[%clk 00:38:49]} {[%emt 00:01:09]}
21. Bh2 {[%clk 01:04:31]} {[%emt 00:05:20]} f5 {[%clk 00:38:38]} {[%emt
00:00:41]} 22. Bg3 {[%clk 01:01:23]} {[%emt 00:03:39]} 1/2-1/2